Constructeurs Auto Forza horion 4 - Statistiques

Statistiques générales
  • Ce quiz a été pris 77 fois
  • Le résultat moyen est 45 sur 125
Statistiques - réponses
Réponse % Correct
Ferrari
91%
Mercedes-Benz
91%
Lamborghini
87%
Renault
85%
Toyota
81%
BMW
78%
Bugatti
78%
Volkswagen
78%
Aston Martin
76%
Ford
76%
Mercedes-AMG
76%
Peugeot
74%
Chevrolet
72%
Honda
70%
Audi
69%
Citroën
69%
Porsche
67%
Dodge
65%
Koenigsegg
65%
Cadillac
63%
Maserati
63%
Nissan
63%
Fiat
61%
Hyundai
61%
Kia
59%
Mazda
59%
McLaren
59%
Lexus
57%
Mitsubishi
57%
Jeep
56%
Land Rover
56%
Volvo
56%
Zenvo
56%
Abarth
54%
Alpine
54%
Bentley
54%
Jaguar
54%
Opel
54%
Subaru
54%
Alfa Romeo
52%
AMG Transport Dynamics
52%
MINI
50%
Pagani
50%
Acura
48%
Ariel
46%
DS Automobiles
46%
GMC
46%
Lancia
41%
AMC
39%
Buick
39%
Hoonigan
39%
Formula Drift
37%
RAM
37%
Rimac
37%
Datsun
35%
Infiniti
35%
Pontiac
35%
BAC
33%
Caterham
33%
KTM
33%
Lotus
33%
Chrysler
31%
MG
31%
Vauxhall
31%
Apollo
30%
Holden
30%
Plymouth
28%
Auto-Union
26%
Hennessey
26%
Hot Wheels
26%
Hummer
26%
Shelby
26%
Vuhl
26%
Austin
24%
Mosler
24%
Willys
24%
HSV
22%
W Motors Lykan
22%
Ascari
20%
ATS
20%
Noble
20%
Peel
20%
Lola
19%
Morris
19%
Napier
19%
Radical
19%
TVR
19%
Eagle
17%
Italdesign
17%
Lego Speed Champions
17%
Morgan
17%
Saleen
17%
Triumph
17%
Mercury
15%
Polaris
15%
Rover
15%
Sunbeam
13%
Ultima
13%
Donkervoort
11%
Reliant
11%
Talbot
11%
Bowler
9%
Can-Am
9%
International
9%
James Bond Edition
9%
Local Motors
9%
RJ Anderson
9%
Top Gear
9%
Austin-Healey
7%
Meyers
7%
Penhall
7%
Raesr
7%
Terradyne
7%
Exomotive
6%
Hillman
6%
Quadra
6%
Spania
6%
Tamo
6%
Alumi craft
4%
Funco Motorsports
4%
Quartz
4%
Rossion
4%
HDT
2%
Hudson
2%
Olsmobile
0%
Aucun quiz correspondant
Distribution des résultats
% des personnes avec chaque résultat
Percentile par nombre de réponses
Votre historique - résultats
Vous n’avez pas pris ce quiz